Kültür politikaları ve yönetimi (Kayıt no. 592)

MARC ayrıntıları
000 -BAŞLIK
Sabit Uzunlukta Kontrol Alanı 01222na a2200349 4500
001 - KONTROL NUMARASI
Denetim Alanı 13141
003 - KONTROL NUMARASI IDENTIFIER
Denetim Alanı MIRAKIL
005 - SON İŞLEM TARİHİ VE ZAMANI
Denetim Alanı 20181213154754.0
008 - SABİT-BOY VERİ ELEMANLARI - GENEL BİLGİLER
Sabit Uzunlukta Kontrol Alanı 170210b tu 000 0
020 ## - ULUSLARARASI STANDART KİTAP NUMARASI
Uluslararası Standart Kitap Numarası 9786053994305
035 ## - SİSTEM KONTROL NUMARASI
Sistem Kontrol Numarası 13141
040 ## - KATALOGLAMA KAYNAK
Orijinal Kataloglama Ajansı Milas
Kataloglama Dili tur
Metne Dönüştürmek Ajansı TR-AnCHP
041 ## - DİL KODU
Metin / Ses Parça Veya Ayrı Başlığın Dil Kodu tur
082 ## - DEWEY ONLU SINIFLANDIRMA NUMARASI
Sınıflandırma Numarası 306
Ürün Numarası K94 2016
090 ## - SINIFLAMA NUMARASI
Sınıflama Numarası 306 K94 2016
245 ## - BAŞLIK TABLOSU
Başlık Kültür politikaları ve yönetimi
Başlığın Kalan yıllık 2014-2015
Sorumluluk Tablosu, Vb derleyenler Kevin Robins, Burcu Yasemin Şeyben
246 ## - UNVAN FORM VARYING
Başlık Doğru / Kısa Başlığı Kültüre müdahale
260 ## - YAYIN, DAĞITIM, VB
Yayın, Dağıtım, Vb Yeri İstanbul
Yayıncı, Dağıtıcı, Vs Adı İstanbul Üniversitesi Yayınları
Yayın, Dağıtım, Vb Tarihi 2016
300 ## - FİZİKSEL TANIM
Kapsam 217 s.
Diğer Fiziksel Ayrıntıları res.
Boyutlar 24 sm.
490 ## - SERİSİ TABLOSU
Seri Beyanı Kültürel İncelemeler
Hacim / Ardışık Tanımı 12
490 ## - SERİSİ TABLOSU
Seri Beyanı İstanbul Bilgi Üniversitesi yayınları
Hacim / Ardışık Tanımı 540
500 ## - GENEL NOT
Genel Not Dış kapakta adı: Kültür politikaları ve yönetimi (KPY) yıllık 2014-2015 : Kültüre müdahale
650 ## - KONU KATMA GİRİŞ - TOPİKAL DÖNEM
Topikal Süreli Veya Coğrafi Ad Giriş Elemanı Kültürel çeşitlilik
650 ## - KONU KATMA GİRİŞ - TOPİKAL DÖNEM
Topikal Süreli Veya Coğrafi Ad Giriş Elemanı Kültürel incelemeler
650 ## - KONU KATMA GİRİŞ - TOPİKAL DÖNEM
Topikal Süreli Veya Coğrafi Ad Giriş Elemanı Sivil toplum
Genel Alt Bölümü Siyasal etkinlik
Kronolojik Alt Bölümü Taksim Gezi Parkı
650 ## - KONU KATMA GİRİŞ - TOPİKAL DÖNEM
Topikal Süreli Veya Coğrafi Ad Giriş Elemanı Kültür politikaları
Genel Alt Bölümü Yönetim
Coğrafi Alt Bölümü Türkiye
650 ## - KONU KATMA GİRİŞ - TOPİKAL DÖNEM
Topikal Süreli Veya Coğrafi Ad Giriş Elemanı Kültür politikaları
Genel Alt Bölümü Yönetim
Coğrafi Alt Bölümü Avrupa
700 ## - KATMA GİRİŞ - KİŞİSEL İSİM
Kişisel Ad Şeyben, Yasemin Burcu
700 ## - KATMA GİRİŞ - KİŞİSEL İSİM
Kişisel Ad Robins, Kevin
740 ## - KATMA GİRİŞ - KONTROLSUZ İLGİLİ / ANALİTİK BAŞLIK
Kontrol Edilmeyen / İlgili Analitik Başlıktaki Kültüre müdahale
942 ## - EKLENDİ GİRİŞ ELEMANLARI (KOHA)
Sınıflandırma Veya Raf Düzeni Kaynak Dewey Decimal Classification
Koha Öğesi Türü Kitaplar
999 ## - SİSTEM KONTROL NUMARALARI (KOHA)
Koha Biblionumber 592
Koha Biblioitemnumber 592
Mevcut
Kalıcı Konum Mevcut Konum Edinme Tarihi Edinim Kaynak Toplam Check-Out'Lar Tam Çağrı Numarası Barkod Tarih Son Görülme İtibaren Geçerli Fiyatlar Koha Öğesi Türü
CHP Kütüphanesi CHP Kütüphanesi 08/09/2016 Bağış   306 K94 2016 000670 08/09/2016 08/09/2016 Kitaplar